000 00444 a2200133 4500
003 Nust
005 20170207164426.0
040 _cNust
082 _a799
245 _aConference in ECR & Prize Receiving by CIE, cc Col Raja Iqbal sb. Photographs-2014
_cMCS
260 _aRawalpindi
_bMCS
_c27-02-2014
610 _aPictures of Conference in ECR & Prize Receiving by CIE, cc Col Raja Iqbal sb Photographs-2014,(CD No. 24 Vol.I)
651 _aSweet Memories-MCS
942 _cBK
999 _c208973
_d208973